000007733 001__ 7733 000007733 005__ 20260424091558.0 000007733 037__ $$aIR 000007733 041__ $$aeng 000007733 245__ $$aGraphic narratives as interprofessional teaching tools 000007733 260__ $$bOHSU Library 000007733 269__ $$a2020-02-12 000007733 336__ $$aPresentation 000007733 520__ $$aGraphic narratives—visual stories that blend images and text—offer a powerful approach to enhancing communication, reflection, and empathy in interprofessional medical education. This presentation explores the value of graphic narratives across the educational continuum, beginning with strategies for integrating narrative techniques into premedical learning to strengthen observation skills and clinical awareness. Participants will be introduced to the graphic narrative resources available through the BICC and will learn practical methods for using interprofessional graphic narratives as instructional tools. By the end of the session, attendees will be able to identify and apply graphic narrative techniques that enrich teaching, support learner engagement, and expand their own educational portfolios. 000007733 540__ $$fCC BY 000007733 542__ $$fIn copyright - joint owners 000007733 650__ $$aGraphic Novels as Topic$$012237 000007733 650__ $$aTeaching Materials$$026787 000007733 6531_ $$agraphic medicine 000007733 6531_ $$ateaching tools 000007733 6531_ $$agraphic novels 000007733 692__ $$aOHSU Library$$042355 000007733 7001_ $$aTran, Audrey$$uOregon Health and Science University$$041354 000007733 7001_ $$aOsborne, Molly$$uOregon Health and Science University$$041354 000007733 7001_ $$aPierce, Pamela$$uOregon Health and Science University$$041354 000007733 8564_ $$9278ace73-a8a3-4063-ba08-4a46878f5a94$$s6074466$$uhttps://digitalcollections.ohsu.edu/record/7733/files/20200212_Graphic%2520Medicine%2520Presentation.pdf$$ePublic$$2aac72df4fc1c4db12ac420fa04975d00$$31 000007733 901__ $$a<p>These documents are archival records. They are retained for historical reference only. </p><p><b>Need an accessible version? Use the ‘Get Accessible Copy’ link above.</b></p> 000007733 905__ $$a/rest/prod/7p/88/cg/97/7p88cg97f 000007733 956__ $$aGet Accessible Copy$$uhttps://ohsu.libwizard.com/f/requestaccessibledocument 000007733 980__ $$aTools for Teaching 000007733 980__ $$aLibrary Faculty and Staff Works